000
00303nam a22001337a 4500
008
170922b xxu||||| |||| 00| 0 eng d
020
_a
0814726151
041
_a
eng
080
_a
37
100
_a
46
101
_a
EDU
245
_a
THE EDUCATION OF THE SOUTHERN BELLE
_c
FARNHAM,CH,A
942
_2
udc
_c
BK
999
_c
28985
_d
28985